Nennen Sie die zweitgrößte Stadt - 1 - Statistiken

Allgemein
  • Dieses Quiz wurde 129 mal gespielt
    94 seit der letzten Aktualisierung
  • Das Durchschnittsergebnis liegt bei 11 aus 20
Antwortstatistiken
Hint Antwort % Korrekt
Deutschland Hamburg
100%
USA Los Angeles
94%
Italien Mailand
94%
Frankreich Marseille
94%
Australien Melbourne
88%
Russland St. Petersburg
86%
Polen Krakau
73%
Schweden Göteborg
72%
Indien Delhi
52%
Ukraine Charkiw
47%
Irland Cork
47%
Südkorea Busan
35%
Ecuador Quito
35%
Marokko Fes
33%
Kamerun Yaounde
32%
Luxemburg Esch an der Alzette
27%
Ungarn Debrecen
26%
Kuba Santiago de Cuba
23%
Indonesien Surabaya
17%
Chile Valparaiso
12%
Keine übereinstimmenden Quizze gefunden
Verteilung der Resultate
Anzahl Personen mit jedem Resultat
Perzentil nach korrekt beantworteten Fragen
Ihre Resultats-Entwicklung
Sie haben dieses Quiz seit der letzten Aktualisierung nicht gespielt